000 00395 a2200145 4500
001 154109
040 _cEscola São Tomás de Aquino
100 _aFERREIRA, Auréilo Buarque de Holanda
240 1 0 _aO Aurélio com a turma da Mônica
_lpor
245 1 0 _aO Aurélio com a turma da Mônica
362 0 _a2003
440 1 _aNova Fronteira
697 _aDicionário de português
942 _cMATP
999 _c154109
_d154109